00541nam a22001937a 450000500170000001000110001702000100002803500110003803700160004904000120006508200160007710000270009324500790012026000520019927000380025130000220028965000130031165000230032420170124105932.0 a769536 c00.00 a769536 bCen Lib/Ret aDPLbEN a230.35bGOK aGokak, Vinayak Krishna aBhgavan shri satya sai baba :cby Vinayak Krishna Gokakban introduction / aNew DelhibAbhinav Publuication New Delhic1975 aE-37 Haus KhazbNew Delhie110016 ax;308p.c17cm(Hb) aHinduism aReligion- Hinduism